| 000 -LEADER |
| fixed length control field |
01258nam a22001577a 4500 |
| 008 - FIXED-LENGTH DATA ELEMENTS--GENERAL INFORMATION |
| fixed length control field |
201212b ||||| |||| 00| 0 eng d |
| 100 ## - MAIN ENTRY--PERSONAL NAME |
| Personal name |
Fumagalli , Roberto. |
| 245 ## - TITLE STATEMENT |
| Title |
On the individuation of choice options |
| 260 ## - PUBLICATION, DISTRIBUTION, ETC. (IMPRINT) |
| Place of publication, distribution, etc |
Philosophy of The Social Sciences |
| 300 ## - PHYSICAL DESCRIPTION |
| Extent |
50(4), Jul, 2020: p,338-365 |
| 520 ## - SUMMARY, ETC. |
| Summary, etc |
Decision theorists have attempted to accommodate several violations of decision theory’s axiomatic requirements by modifying how agents’ choice options are individuated and formally represented. In recent years, prominent authors have worried that these modifications threaten to trivialize decision theory, make the theory unfalsifiable, impose overdemanding requirements on decision theorists, and hamper decision theory’s internal coherence. In this paper, I draw on leading descriptive and normative works in contemporary decision theory to address these prominent concerns. In doing so, I articulate and assess several different criteria for individuating and formally representing agents’ choice options.- Reproduced |
| 650 ## - SUBJECT ADDED ENTRY--TOPICAL TERM |
| Topical term or geographic name as entry element |
Decision theory, Rationality, Axioms, Preferences, Consistency, Choice options |
| 9 (RLIN) |
19620 |
| 773 ## - HOST ITEM ENTRY |
| Main entry heading |
Philosophy of The Social Sciences |
| 906 ## - LOCAL DATA ELEMENT F, LDF (RLIN) |
| Subject DIP |
DECISION THEORY |
| 942 ## - ADDED ENTRY ELEMENTS (KOHA) |
| Item type |
Articles |